[Event "SK Herne-Sodingen 1 - SVG Plettenberg 1"]
[Site "NRW-Klasse, Gruppe 2 2013/201"]
[Date "2014.02.02"]
[Round "6.5"]
[White "Kuhnen, Thomas"]
[Black "Graw, Christopher"]
[Result "0-1"]
[WhiteElo "2054"]
[BlackElo "2159"]
[PlyCount "260"]
[EventDate "2014.??.??"]
[WhiteTeam "SVG Plettenberg 1"]
[BlackTeam "SK Herne-Sodingen 1"]

1. e4 g6 2. Nf3 c5 3. d4 cxd4 4. Qxd4 Nf6 5. e5 Nc6 6. Qc3 e6 7. a3 Nd5 8. Qd3
Bg7 9. Qe4 Qc7 10. c4 Nxe5 11. Nxe5 Bxe5 12. Nd2 f5 13. Qh4 Bf6 14. Qh6 Qe5+
15. Kd1 Bg7 16. Qh4 Nf6 17. Bd3 b6 18. Nf3 Qd6 19. Kc2 Bb7 20. Bf4 Qe7 21. Rad1
Ne4 22. Qxe7+ Kxe7 23. Rhf1 Rac8 24. Kb1 d6 25. Ng5 Nxg5 26. Bxg5+ Bf6 27.
Bxf6+ Kxf6 28. f3 Rhd8 29. b3 d5 30. cxd5 Bxd5 31. Kb2 Rc7 32. Bb5 g5 33. Rd2
h5 34. Rfd1 Rg8 35. Rc1 Rxc1 36. Kxc1 Rc8+ 37. Kb2 Ke5 38. Rd1 g4 39. Re1+ Kf4
40. fxg4 hxg4 41. Bd7 Rc7 42. g3+ Kg5 43. Bb5 Be4 44. Re2 e5 45. a4 Re7 46. Kc3
Rc7+ 47. Kb2 Kf6 48. Rd2 Ke7 49. Rf2 Rc5 50. Bc4 Rc6 51. Kc3 Rd6 52. Rf1 Rd4
53. a5 Kd6 54. axb6 axb6 55. Be2 Kc5 56. Bc4 Kd6 57. Be2 Rd5 58. b4 Rd4 59. Ra1
Kc6 60. Ra7 Rd8 61. Rh7 Rc8 62. Kd2 Kd5 63. Rd7+ Ke6 64. Rh7 Rc2+ 65. Ke1 Kd5
66. Rd7+ Kc6 67. Rf7 Rb2 68. Rf6+ Kd5 69. Rxb6 Kd4 70. Ra6 Rxb4 71. Ra2 Rb1+
72. Kd2 Rh1 73. Ra4+ Kd5 74. Ke3 Rxh2 75. Ra5+ Ke6 76. Ra6+ Kf7 77. Bxg4 Rg2
78. Bh5+ Ke7 79. Rg6 Bb1 80. Rg7+ Kd6 81. Rg5 Kc5 82. Bf3 Rb2 83. Rg8 Rb3+ 84.
Kf2 Kd4 85. Rd8+ Kc3 86. Rc8+ Kd2 87. Rd8+ Bd3 88. g4 fxg4 89. Bxg4 e4 90. Bh5
Rb5 91. Bg4 Rg5 92. Kg3 Ke3 93. Kh4 Rg7 94. Rf8 Be2 95. Bf5 Bf3 96. Bxe4 Kxe4
97. Kh3 Ke3 98. Kh4 Rg4+ 99. Kh3 Kf2 100. Rb8 Rg5 101. Rb4 Rg7 102. Ra4 Be2
103. Rb4 Bd3 104. Rf4+ Ke3 105. Rf8 Ke4 106. Kh4 Ke5 107. Kh3 Bf5+ 108. Kh2 Kf4
109. Rf6 Rg5 110. Ra6 Rg8 111. Ra7 Rd8 112. Ra3 Be4 113. Kg1 Bf3 114. Ra7 Kg3
115. Rg7+ Bg4 116. Rf7 Rd1+ 117. Rf1 Rd2 118. Rf8 Rg2+ 119. Kf1 Ra2 120. Ke1
Be2 121. Rg8+ Bg4 122. Rf8 Be6 123. Kd1 Kg4 124. Rf6 Bf5 125. Rf8 Kf4 126. Ke1
Ke3 127. Kf1 Be4 128. Kg1 Rg2+ 129. Kf1 Rh2 130. Rg8 Ra2 0-1

[Event "SK Herne-Sodingen 1 - SVG Plettenberg 1"]
[Site "NRW-Klasse, Gruppe 2 2013/201"]
[Date "2014.02.02"]
[Round "6.6"]
[White "Schippan, Bernhard"]
[Black "Schulze, Marc"]
[Result "1/2-1/2"]
[WhiteElo "2181"]
[BlackElo "2058"]
[Annotator "Doe,John"]
[PlyCount "112"]
[EventDate "2014.??.??"]
[WhiteTeam "SK Herne-Sodingen 1"]
[BlackTeam "SVG Plettenberg 1"]

1. e4 c5 2. b3 Nc6 3. Bb2 a6 4. Nf3 d6 5. Be2 Nf6 6. d3 e6 7. O-O Be7 8. Nbd2
O-O 9. d4 d5 10. exd5 exd5 11. c4 Bf5 12. Re1 Nb4 13. a3 Nd3 14. Bxd3 Bxd3 15.
Ne5 Bf5 16. dxc5 Bxc5 17. b4 Qb6 18. Qf3 Be4 19. Nxe4 dxe4 20. Qe2 Be7 21. c5
Qe6 22. Qc4 Qf5 23. h3 Rac8 24. Rad1 Rc7 25. Qe2 a5 26. Ng4 Re8 27. Bxf6 Bxf6
28. Nxf6+ Qxf6 29. Rd6 Qc3 30. Red1 Rcc8 31. Rd7 axb4 32. Rxb7 bxa3 33. Qa2 Rf8
34. Rdd7 Qc1+ 35. Kh2 Qf4+ 36. g3 Qf3 37. Ra7 Qf5 38. Rd5 Qe6 39. Rxa3 Rc7 40.
Ra6 Qe7 41. Qa3 Rfc8 42. Rad6 h6 $11 43. Qe3 Kh7 44. Qd4 f6 45. h4 Re8 46. Qe3
Qf7 47. Qf4 Rce7 48. Qf5+ Qg6 49. Qxg6+ Kxg6 50. h5+ Kf7 51. c6 Rc8 52. Rd4
Rcc7 53. Kh3 e3 54. fxe3 Rxe3 55. Rd7+ Re7 56. R7d6 Re6 1/2-1/2

[Event "SK Herne-Sodingen 1 - SVG Plettenberg 1"]
[Site "NRW-Klasse, Gruppe 2 2013/201"]
[Date "2014.02.02"]
[Round "6.7"]
[White "Fischer, Torsten"]
[Black "Becker, Joerg"]
[Result "1/2-1/2"]
[WhiteElo "1957"]
[BlackElo "2149"]
[PlyCount "46"]
[EventDate "2014.??.??"]
[WhiteTeam "SVG Plettenberg 1"]
[BlackTeam "SK Herne-Sodingen 1"]

1. e4 c5 2. d4 cxd4 3. Bc4 Nc6 4. Ne2 Nf6 5. Nxd4 Nxe4 6. O-O d5 7. Bb3 Nc5 8.
Nb5 e6 9. Bf4 Na6 10. N1c3 Be7 11. Re1 O-O 12. Qh5 g6 13. Qf3 Bg5 14. Bd6 Re8
15. Rad1 Bd7 16. Ba3 Qf6 17. Qe2 Red8 18. g3 Na5 19. h4 Bh6 20. Bxd5 Bf8 21.
Bxf8 Kxf8 22. Bg2 Bc6 23. Nd6 Bxg2 1/2-1/2

[Event "SK Herne-Sodingen 1 - SVG Plettenberg 1"]
[Site "NRW-Klasse, Gruppe 2 2013/201"]
[Date "2014.02.02"]
[Round "6.8"]
[White "Buchenthal, Dieter"]
[Black "Warmbier, Joerg"]
[Result "1/2-1/2"]
[WhiteElo "2076"]
[BlackElo "1940"]
[PlyCount "29"]
[EventDate "2014.??.??"]
[WhiteTeam "SK Herne-Sodingen 1"]
[BlackTeam "SVG Plettenberg 1"]

1. c4 Nf6 2. Nc3 d5 3. e3 g6 4. Qb3 e6 5. d4 Bg7 6. Qa3 Bf8 7. Qb3 Bg7 8. Bd2
O-O 9. Bd3 Nc6 10. cxd5 exd5 11. Nge2 Ne7 12. Ng3 h5 13. h4 b6 14. Qa3 Re8 15.
b4 1/2-1/2

[Event "SC Hansa Dortmund 2 - SF Neuenkirchen 1"]
[Site "NRW-Klasse, Gruppe 2 2013/201"]
[Date "2014.02.02"]
[Round "6.1"]
[White "Muschik, Benedikt"]
[Black "Wegener, Olaf"]
[Result "1/2-1/2"]
[WhiteElo "2285"]
[BlackElo "2411"]
[PlyCount "82"]
[EventDate "2014.??.??"]
[WhiteTeam "SF Neuenkirchen 1"]
[BlackTeam "SC Hansa Dortmund 2"]

1. d4 Nf6 2. Bf4 e6 3. e3 c5 4. c3 b6 5. Nd2 Be7 6. h3 O-O 7. Ngf3 cxd4 8. exd4
d6 9. Be2 Ba6 10. O-O Qc8 11. a4 Bxe2 12. Qxe2 Qb7 13. Rfe1 Rd8 14. Nc4 Nc6 15.
Ne3 d5 16. Ne5 Nxe5 17. Bxe5 Ne4 18. Qg4 Bf8 19. h4 Re8 20. h5 f6 21. Bh2 Qf7
22. a5 b5 23. a6 Rad8 24. Nc2 Bd6 25. Bxd6 Nxd6 26. Nb4 h6 27. Re2 Ne4 28. Re3
Rd6 29. Qe2 Rb6 30. Ra5 Nd6 31. Ra1 Ne4 32. Ra5 Qd7 33. Ra1 Qc8 34. g3 Rf8 35.
Kg2 f5 36. f4 Rf6 37. Ra5 Qd7 38. Nd3 Qc8 39. Nb4 Qd7 40. Nd3 Qc8 41. Nb4 Qd7
1/2-1/2

[Event "SC Hansa Dortmund 2 - SF Neuenkirchen 1"]
[Site "NRW-Klasse, Gruppe 2 2013/201"]
[Date "2014.02.02"]
[Round "6.2"]
[White "Kotter, Ralf"]
[Black "Rieke, Theo"]
[Result "1-0"]
[WhiteElo "2293"]
[BlackElo "2000"]
[PlyCount "103"]
[EventDate "2014.??.??"]
[WhiteTeam "SC Hansa Dortmund 2"]
[BlackTeam "SF Neuenkirchen 1"]

1. e4 e5 2. Nf3 Nc6 3. Bc4 Nf6 4. d3 Bc5 5. c3 O-O 6. Bb3 a6 7. h3 d6 8. Nbd2
Ba7 9. Nf1 Ne7 10. Nh4 Kh8 11. Ng3 Be6 12. Qf3 Bxb3 13. axb3 Nfg8 14. Nhf5 g6
15. Nxe7 Qxe7 16. O-O Qe6 17. b4 c6 18. Be3 Bb8 19. d4 f5 20. exf5 gxf5 21.
dxe5 dxe5 22. Bc5 Rf7 23. Rfe1 Bc7 24. Nf1 Nf6 25. Kh1 Rg8 26. Ng3 Nd7 27. Ba7
Ra8 28. Bc5 b6 29. Bd4 Qg6 30. Qf4 Kg8 31. Rxe5 Nxe5 32. Bxe5 Bxe5 33. Qxe5 h6
34. Ne2 Qf6 35. Qg3+ Rg7 36. Qf3 Re7 37. Nd4 Rae8 38. Rxa6 Re1+ 39. Kh2 Qe5+
40. Qg3+ Qxg3+ 41. Kxg3 Rb8 42. Nxf5 h5 43. Kh4 Re2 44. Kxh5 Rxf2 45. g4 Rxb2
46. Ra7 c5 47. Nh6+ Kf8 48. g5 cxb4 49. g6 Rg2 50. cxb4 Rd8 51. Ng4 Rd5+ 52.
Kh6 1-0

[Event "SC Hansa Dortmund 2 - SF Neuenkirchen 1"]
[Site "NRW-Klasse, Gruppe 2 2013/201"]
[Date "2014.02.02"]
[Round "6.3"]
[White "Buendgen, Achim"]
[Black "Karger, Frank"]
[Result "0-1"]
[WhiteElo "2184"]
[BlackElo "2231"]
[PlyCount "124"]
[EventDate "2014.??.??"]
[WhiteTeam "SF Neuenkirchen 1"]
[BlackTeam "SC Hansa Dortmund 2"]

1. e4 c5 2. b3 b6 3. Bb2 Bb7 4. Nc3 e6 5. Nf3 a6 6. d4 cxd4 7. Nxd4 d6 8. Bd3
Nf6 9. O-O Be7 10. f4 O-O 11. Qe2 b5 12. Kh1 b4 13. Nd1 Nbd7 14. e5 dxe5 15.
fxe5 Nd5 16. Ne3 Nc5 17. Nxd5 Qxd5 18. Bc4 Qe4 19. Rae1 Rad8 20. Qxe4 Nxe4 21.
Rf4 Nc5 22. a3 bxa3 23. Bxa3 Nd3 24. Bxd3 Bxa3 25. Nf3 Bb2 26. Ra4 Bc3 27. Re2
a5 28. Kg1 h6 29. Kf2 Rc8 30. Nd2 Rfd8 31. Nc4 Rc5 32. Be4 Ba6 33. Bd3 Bb5 34.
Ra2 Bxc4 35. Bxc4 Bxe5 36. g3 Bc3 37. Ra4 Rd1 38. Bd3 Bb4 39. Kg2 g6 40. h4 Kg7
41. Ra2 Rd5 42. Kf3 e5 43. h5 f5 44. Bc4 e4+ 45. Kg2 Rd6 46. hxg6 Rxg6 47. c3
Bxc3 48. Rf2 Kf6 49. Be2 Rd5 50. Rc2 Be5 51. Rc6+ Rd6 52. Rxd6+ Bxd6 53. g4 f4
54. Kh3 Ke5 55. Rf1 f3 56. Bc4 Kf4 57. Rd1 Be5 58. Rd8 e3 59. Bd3 Rd6 60. Rf8+
Rf6 61. Rc8 e2 62. Rc4+ Ke3 0-1

[Event "SC Hansa Dortmund 2 - SF Neuenkirchen 1"]
[Site "NRW-Klasse, Gruppe 2 2013/201"]
[Date "2014.02.02"]
[Round "6.4"]
[White "Prueske, Wolfgang"]
[Black "Wilde, Pierre"]
[Result "1/2-1/2"]
[WhiteElo "2040"]
[BlackElo "2223"]
[PlyCount "62"]
[EventDate "2014.??.??"]
[WhiteTeam "SC Hansa Dortmund 2"]
[BlackTeam "SF Neuenkirchen 1"]

1. e4 c5 2. Nf3 e6 3. d3 Nc6 4. g3 g6 5. Bg2 Bg7 6. O-O Nge7 7. c3 e5 8. Be3 d6
9. a3 O-O 10. b4 b6 11. Nbd2 h6 12. b5 Na5 13. Nc4 Nxc4 14. dxc4 Be6 15. Nd2 a6
16. a4 Ra7 17. Qc2 f5 18. f3 f4 19. Bf2 h5 20. Rfd1 Bh6 21. Qd3 Qc7 22. Nf1 Nc8
23. gxf4 Bxf4 24. Be3 Qf7 25. Nd2 Qf6 26. Bxf4 exf4 27. a5 axb5 28. axb6 Rxa1
29. Rxa1 Nxb6 30. cxb5 Qe5 31. Ra6 Rb8 1/2-1/2

[Event "SC Hansa Dortmund 2 - SF Neuenkirchen 1"]
[Site "NRW-Klasse, Gruppe 2 2013/201"]
[Date "2014.02.02"]
[Round "6.5"]
[White "Haves, Reinhard"]
[Black "Linker, Walter"]
[Result "1/2-1/2"]
[WhiteElo "2151"]
[BlackElo "2056"]
[PlyCount "28"]
[EventDate "2014.??.??"]
[WhiteTeam "SF Neuenkirchen 1"]
[BlackTeam "SC Hansa Dortmund 2"]

1. Nf3 f5 2. d4 Nf6 3. g3 b6 4. Bg2 Bb7 5. c4 e6 6. O-O Be7 7. Nc3 Ne4 8. Bd2
Nxd2 9. Qxd2 O-O 10. Rad1 Bb4 11. a3 Bxc3 12. Qxc3 Qf6 13. Qd2 d6 14. Qg5 Nd7
1/2-1/2

[Event "SC Hansa Dortmund 2 - SF Neuenkirchen 1"]
[Site "NRW-Klasse, Gruppe 2 2013/201"]
[Date "2014.02.02"]
[Round "6.6"]
[White "Burchert, Wolfgang"]
[Black "Seegers, Hendrik"]
[Result "1-0"]
[WhiteElo "2070"]
[BlackElo "2159"]
[Annotator "Doe,John"]
[PlyCount "91"]
[EventDate "2014.??.??"]
[WhiteTeam "SC Hansa Dortmund 2"]
[BlackTeam "SF Neuenkirchen 1"]

1. e4 d5 2. exd5 Nf6 3. d4 Nxd5 4. c4 Nb6 5. Nf3 Bg4 6. Be3 e6 7. h3 Bh5 8. Be2
c5 9. O-O Nc6 10. dxc5 Qxd1 11. Rxd1 Na4 12. b3 Nxc5 13. Nc3 Be7 14. Nd4 Bxe2
15. Ncxe2 Nxd4 16. Bxd4 f6 17. b4 Ne4 18. c5 O-O-O 19. f3 $11 Ng5 20. Be3 Nf7
21. Nd4 Rd5 22. Nb5 Rxd1+ 23. Rxd1 a6 24. Nc3 Rd8 25. Rxd8+ Kxd8 26. Kf2 Ne5
27. Ke2 Nc6 28. a3 f5 29. f4 Bf6 30. Kd3 e5 31. Nd5 e4+ 32. Kc4 Bb2 33. a4 Kd7
34. b5 axb5+ 35. axb5 Nd8 36. Nb4 Ke6 37. Nc2 g6 38. g3 Bf6 $11 39. Bd4 g5 40.
Bxf6 Kxf6 41. Kd5 gxf4 42. gxf4 Ne6 43. Kd6 Nxf4 44. c6 bxc6 45. b6 Ne6 46. b7
1-0

[Event "SC Hansa Dortmund 2 - SF Neuenkirchen 1"]
[Site "NRW-Klasse, Gruppe 2 2013/201"]
[Date "2014.02.02"]
[Round "6.7"]
[White "Hachmeister, Dirk"]
[Black "Seitz, Simon"]
[Result "1-0"]
[WhiteElo "2188"]
[BlackElo "1961"]
[PlyCount "55"]
[EventDate "2014.??.??"]
[WhiteTeam "SF Neuenkirchen 1"]
[BlackTeam "SC Hansa Dortmund 2"]

1. Nf3 g6 2. d3 d5 3. Nbd2 Bg7 4. e4 c5 5. g3 Nf6 6. Bg2 O-O 7. O-O dxe4 8.
dxe4 Nc6 9. c3 Bg4 10. h3 Bxf3 11. Qxf3 Ne5 12. Qe3 Rc8 13. Nf3 Ned7 14. Rd1 e6
15. c4 Qc7 16. e5 Ne8 17. Re1 Kh8 18. Qe2 b5 19. cxb5 Nb6 20. Bd2 Nd5 21. Qc4
Qb6 22. a4 Rd8 23. Rac1 Rc8 24. b4 Qb8 25. bxc5 f5 26. exf6 Rxf6 27. Qe4 Nec7
28. Ne5 1-0

[Event "SC Hansa Dortmund 2 - SF Neuenkirchen 1"]
[Site "NRW-Klasse, Gruppe 2 2013/201"]
[Date "2014.02.02"]
[Round "6.8"]
[White "Rumpf, Thomas"]
[Black "Beckmann, Klaus"]
[Result "1/2-1/2"]
[WhiteElo "2051"]
[BlackElo "2071"]
[PlyCount "41"]
[EventDate "2014.??.??"]
[WhiteTeam "SC Hansa Dortmund 2"]
[BlackTeam "SF Neuenkirchen 1"]

1. e4 c5 2. Nf3 e6 3. c3 d5 4. exd5 Qxd5 5. Na3 Nf6 6. Bc4 Qd8 7. d4 cxd4 8.
Nxd4 Be7 9. Bf4 a6 10. O-O O-O 11. Nac2 Qb6 12. Qe2 Nc6 13. Nxc6 Qxc6 14. Nd4
Qe4 15. Qxe4 Nxe4 16. Rfe1 Nf6 17. a4 Bd7 18. a5 Bc5 19. Rad1 Rfc8 20. Bb3 h6
21. h3 1/2-1/2

[Event "SV Würselen 1 - Herforder SV Königsspri"]
[Site "NRW-Klasse, Gruppe 2 2013/201"]
[Date "2014.02.02"]
[Round "6.1"]
[White "Nordsieck, Thomas"]
[Black "Hovhanisian, Mher"]
[Result "0-1"]
[WhiteElo "2244"]
[BlackElo "2504"]
[PlyCount "86"]
[EventDate "2014.??.??"]
[WhiteTeam "Herforder SV Königsspringer 1"]
[BlackTeam "SV Würselen 1"]

1. e4 e6 2. d4 d5 3. Nc3 Nf6 4. Bg5 Be7 5. e5 Nfd7 6. Bxe7 Qxe7 7. f4 a6 8. Nf3
c5 9. dxc5 Nc6 10. Bd3 Nxc5 11. O-O b5 12. Qd2 O-O 13. Rae1 b4 14. Nd1 a5 15.
Qe3 Qa7 16. Rf2 Nxd3 17. cxd3 Qxe3 18. Rxe3 d4 19. Re1 b3 20. a3 Rd8 21. Rd2
Bb7 22. Nf2 Na7 23. Ne4 a4 24. Kf2 Nb5 25. h4 Rac8 26. h5 h6 27. Red1 Kf8 28.
g4 Ke7 29. Rg1 Rc7 30. g5 Rdc8 31. g6 Bxe4 32. dxe4 Rc2 33. Rgd1 f6 34. exf6+
Kxf6 35. Ke1 R8c5 36. e5+ Kf5 37. Nxd4+ Nxd4 38. Rxd4 Rxb2 39. Rxa4 Rcc2 40.
Rad4 Rh2 41. R1d2 Rbxd2 42. Rxd2 Rh1+ 43. Ke2 b2 0-1

[Event "SV Würselen 1 - Herforder SV Königsspri"]
[Site "NRW-Klasse, Gruppe 2 2013/201"]
[Date "2014.02.02"]
[Round "6.2"]
[White "Cekro, Ekrem"]
[Black "Wolf, Andre"]
[Result "1-0"]
[WhiteElo "2360"]
[BlackElo "2141"]
[PlyCount "77"]
[EventDate "2014.??.??"]
[WhiteTeam "SV Würselen 1"]
[BlackTeam "Herforder SV Königsspringer 1"]

1. c4 c6 2. b3 d5 3. Bb2 Nf6 4. g3 Bf5 5. Bg2 e6 6. Nf3 Be7 7. O-O O-O 8. d3 h6
9. Nbd2 Nbd7 10. Qc2 Bh7 11. a3 a5 12. Bc3 b5 13. cxb5 cxb5 14. b4 axb4 15.
axb4 Qb6 16. Nb3 Rfc8 17. Rxa8 Rxa8 18. Qb2 Qb7 19. Na5 Qa6 20. Nd4 Ne8 21.
Ndc6 Bf8 22. Rc1 Nb6 23. Qd2 Nd6 24. Bd4 Na4 25. Ne7+ Bxe7 26. Rc6 Qc8 27.
Rxc8+ Rxc8 28. Nb3 Nf5 29. Ba1 Bg5 30. e3 Bg6 31. h4 Be7 32. e4 dxe4 33. dxe4
Rd8 34. Qc1 Nd6 35. Qc7 Nc8 36. Bd4 Kf8 37. h5 Bh7 38. Kh2 f6 39. Bc5 1-0

[Event "SV Würselen 1 - Herforder SV Königsspri"]
[Site "NRW-Klasse, Gruppe 2 2013/201"]
[Date "2014.02.02"]
[Round "6.3"]
[White "Pieper-Emden, Carsten"]
[Black "Goossens, Etienne"]
[Result "1/2-1/2"]
[WhiteElo "2156"]
[BlackElo "2209"]
[PlyCount "30"]
[EventDate "2014.??.??"]
[WhiteTeam "Herforder SV Königsspringer 1"]
[BlackTeam "SV Würselen 1"]

1. d4 e6 2. c4 Bb4+ 3. Nd2 d5 4. e3 Nf6 5. Ngf3 O-O 6. a3 Bxd2+ 7. Bxd2 Ne4 8.
Be2 dxc4 9. Bxc4 b6 10. O-O Bb7 11. Bb4 Nd6 12. Be2 Nc6 13. Bc3 Ne4 14. Qc2 Ne7
15. Bb4 Nd6 1/2-1/2

[Event "SV Würselen 1 - Herforder SV Königsspri"]
[Site "NRW-Klasse, Gruppe 2 2013/201"]
[Date "2014.02.02"]
[Round "6.4"]
[White "Hamblok, Roel"]
[Black "Loemker, Michael"]
[Result "1-0"]
[WhiteElo "2270"]
[BlackElo "2092"]
[PlyCount "65"]
[EventDate "2014.??.??"]
[WhiteTeam "SV Würselen 1"]
[BlackTeam "Herforder SV Königsspringer 1"]

1. d4 g6 2. e4 Bg7 3. Nf3 d6 4. Bc4 Nf6 5. Qe2 O-O 6. h3 c6 7. Bb3 a5 8. a4 Qc7
9. O-O e5 10. dxe5 dxe5 11. Nbd2 Na6 12. c3 Nc5 13. Bc2 Nh5 14. Nc4 Nxa4 15.
Bxa4 b5 16. Bb3 bxc4 17. Bxc4 h6 18. Be3 Nf4 19. Qc2 Be6 20. Bxe6 Nxe6 21. Ra4
Rfb8 22. Rfa1 Qb7 23. R1a2 Nf4 24. Nd2 g5 25. Nc4 Qd7 26. Nb6 Rxb6 27. Bxb6 g4
28. h4 f5 29. Rxa5 Rxa5 30. Rxa5 Qb7 31. Qb3+ Kh7 32. Ra7 Qb8 33. Qf7 1-0

[Event "SV Würselen 1 - Herforder SV Königsspri"]
[Site "NRW-Klasse, Gruppe 2 2013/201"]
[Date "2014.02.02"]
[Round "6.5"]
[White "Quelle, Helmut"]
[Black "Verstraeten, Reinaert"]
[Result "0-1"]
[WhiteElo "2084"]
[BlackElo "2263"]
[PlyCount "72"]
[EventDate "2014.??.??"]
[WhiteTeam "Herforder SV Königsspringer 1"]
[BlackTeam "SV Würselen 1"]

1. Nf3 Nf6 2. g3 g6 3. Bg2 Bg7 4. O-O O-O 5. c4 d6 6. d4 Nc6 7. Nc3 Bg4 8. d5
Na5 9. Qd3 c5 10. Bd2 a6 11. e4 Nd7 12. b3 b5 13. cxb5 Bxf3 14. Qxf3 axb5 15.
Rab1 b4 16. Na4 Nc4 17. Bc1 Ncb6 18. Nxb6 Qxb6 19. Qe2 Qa6 20. Re1 Qxa2 21. Bb2
Rfb8 22. f4 Bc3 23. e5 Nb6 24. Rec1 Ra3 25. exd6 exd6 26. Qe7 Bxb2 27. Qxd6
Bd4+ 28. Kh1 Raa8 29. f5 Qa7 30. Qf4 Qd7 31. fxg6 hxg6 32. d6 Ra2 33. Rf1 Rxg2
34. Kxg2 Nd5 35. Qf3 Ne3+ 36. Kh1 Nxf1 0-1

[Event "SV Würselen 1 - Herforder SV Königsspri"]
[Site "NRW-Klasse, Gruppe 2 2013/201"]
[Date "2014.02.02"]
[Round "6.6"]
[White "Andok, Claus Michael"]
[Black "Heuermann, Heinz-Burkhard"]
[Result "1/2-1/2"]
[WhiteElo "2079"]
[BlackElo "1887"]
[Annotator "Doe,John"]
[PlyCount "180"]
[EventDate "2014.??.??"]
[WhiteTeam "SV Würselen 1"]
[BlackTeam "Herforder SV Königsspringer 1"]

1. Nf3 d5 2. g3 g6 3. Bg2 Bg7 4. O-O e5 5. c4 Ne7 6. cxd5 Nxd5 7. Qa4+ Nc6 8.
Nc3 O-O 9. Nxd5 Qxd5 10. d3 Bd7 11. Ng5 Qd4 12. Qc2 Qb4 13. Be3 Rac8 14. Bc5
Qb5 15. a4 Qa6 16. b4 Nd4 17. Qa2 h6 18. b5 Qa5 19. Bxf8 Rxf8 20. e3 Nf5 21.
Ne4 c6 22. Nc5 Bc8 23. Qc2 Ne7 24. Nb3 Qb4 25. Qc4 Qd6 26. Qc5 Qe6 27. Qc4 Qd6
28. Nc5 b6 $11 29. Ne4 Qc7 30. bxc6 Be6 31. Qb5 f5 32. Nd2 Rd8 33. Rfc1 e4 34.
d4 Rd5 35. Qb2 Rd6 36. Bf1 Rxc6 37. Rxc6 Qxc6 38. Bb5 Qb7 39. Qa3 Bf8 40. Qd6
Qc8 41. Qa3 a6 42. Rc1 Qb7 43. Qd6 Bf7 44. Bc4 Nd5 45. Bxd5 Qxd5 46. Qxd5 Bxd5
47. Rb1 a5 48. Rxb6 Bb4 49. Nf1 Kf7 50. h3 Bb3 51. g4 fxg4 52. hxg4 Bxa4 53.
Ng3 Bc2 54. Ne2 Be7 55. Nf4 g5 56. Nd5 Bf8 57. Rb2 Bd1 58. Rb7+ Ke6 59. Nc3
Bxg4 60. Rb6+ Kd7 61. Nxe4 Kc7 62. Rf6 Bb4 63. Nc5 Bd1 64. Rxh6 Bd2 65. Ra6 Be2
66. Rg6 g4 67. e4 Bc3 68. d5 Bb4 69. Rc6+ Kd8 70. e5 g3 71. Ne6+ Ke8 72. fxg3
a4 73. Nf4 Bb5 74. Rc1 a3 75. Ra1 Bc4 76. Kg2 a2 77. Kf3 Bc3 78. Rxa2 Bxa2 79.
e6 Ke7 80. Ke3 Kd6 81. Kd3 Bf6 82. Ke4 Bb1+ 83. Ke3 Bg5 84. Kd4 Bf6+ 85. Ke3
Bg5 86. Kf3 Ba2 87. Kg4 Bxf4 88. gxf4 Bxd5 89. f5 Bxe6 90. fxe6 Kxe6 1/2-1/2

[Event "SV Würselen 1 - Herforder SV Königsspri"]
[Site "NRW-Klasse, Gruppe 2 2013/201"]
[Date "2014.02.02"]
[Round "6.7"]
[White "Hanisch, Bernd"]
[Black "Sarrau, Jelle"]
[Result "1/2-1/2"]
[WhiteElo "1969"]
[BlackElo "2247"]
[PlyCount "89"]
[EventDate "2014.??.??"]
[WhiteTeam "Herforder SV Königsspringer 1"]
[BlackTeam "SV Würselen 1"]

1. c4 Nf6 2. Nc3 c5 3. Nf3 b6 4. g3 Bb7 5. Bg2 e6 6. O-O Be7 7. b3 O-O 8. Bb2
a6 9. Re1 d6 10. e3 Nbd7 11. d3 Rc8 12. Rc1 Rc7 13. Qe2 Qb8 14. e4 Ne5 15. Nh4
Nc6 16. f4 Nd4 17. Qd1 Nd7 18. Nf3 Bf6 19. Kh1 Qd8 20. g4 h6 21. Qd2 Bc6 22.
Rg1 g6 23. Ne2 Nxf3 24. Bxf3 Bxb2 25. Qxb2 Qf6 26. Qd2 e5 27. g5 hxg5 28. f5
Kg7 29. Rxg5 Rh8 30. Rcg1 Kf8 31. Ng3 Ke7 32. Bg4 Rh6 33. Rf1 Qh8 34. fxg6 fxg6
35. Rgf5 Ke8 36. R5f2 Rh7 37. Qg5 Qg7 38. Rf7 Qxf7 39. Rxf7 Kxf7 40. Nh5 gxh5
41. Bxh5+ Rxh5 42. Qxh5+ Ke7 43. Qh7+ Ke6 44. Qg8+ Ke7 45. Qg7+ 1/2-1/2

[Event "SV Würselen 1 - Herforder SV Königsspri"]
[Site "NRW-Klasse, Gruppe 2 2013/201"]
[Date "2014.02.02"]
[Round "6.8"]
[White "Blagojevic, Lubo"]
[Black "Klemme, Thomas"]
[Result "0-1"]
[WhiteElo "2033"]
[BlackElo "1860"]
[PlyCount "92"]
[EventDate "2014.??.??"]
[WhiteTeam "SV Würselen 1"]
[BlackTeam "Herforder SV Königsspringer 1"]

1. d4 d5 2. Bf4 Nf6 3. e3 e6 4. Bd3 Bd6 5. Bg3 b6 6. Nf3 Bb7 7. Nbd2 Ne4 8. Ne5
Nxd2 9. Qxd2 f6 10. Nf3 Qe7 11. Qe2 Nd7 12. c3 O-O 13. Qc2 f5 14. Ne5 c5 15. f4
Nf6 16. Bh4 Qe8 17. Bxf6 gxf6 18. Nf3 Kh8 19. O-O-O c4 20. Be2 b5 21. Rdg1 Bc8
22. Nh4 Rg8 23. Bf3 a5 24. a3 b4 25. Kd2 bxa3 26. bxa3 Bxa3 27. Rb1 Bd6 28. g3
Qc6 29. g4 fxg4 30. Rhg1 f5 31. Be2 Bd7 32. h3 gxh3 33. Rh1 Rab8 34. Rxh3 Rxb1
35. Qxb1 Qb5 36. Qa1 a4 37. Bh5 Be8 38. Bxe8 Qxe8 39. Qh1 Rg7 40. Ke2 a3 41.
Rh2 Qb5 42. Kf3 Qb3 43. Qa1 Be7 44. Rh1 Bxh4 45. Rxh4 Qc2 46. Qf1 a2 0-1

[Event "SV Letmathe 1 - LSV Turm Lippstadt 1"]
[Site "NRW-Klasse, Gruppe 2 2013/201"]
[Date "2014.02.02"]
[Round "6.1"]
[White "Matthias, Heiner"]
[Black "Podzielny, Karl-Heinz"]
[Result "0-1"]
[WhiteElo "2311"]
[BlackElo "2377"]
[PlyCount "68"]
[EventDate "2014.??.??"]
[WhiteTeam "LSV Turm Lippstadt 1"]
[BlackTeam "SV Letmathe 1"]

1. e4 c5 2. Nf3 e6 3. d4 cxd4 4. Nxd4 a6 5. Bd3 Nf6 6. Nc3 Qc7 7. f4 d6 8. Qe2
Nbd7 9. g4 h6 10. Bd2 b5 11. a4 b4 12. Na2 Qb6 13. Nb3 d5 14. Be3 Qb7 15. exd5
Nxd5 16. O-O-O Nxe3 17. Qxe3 Qc7 18. Be4 Rb8 19. Qf3 Bd6 20. Rhf1 O-O 21. g5 g6
22. Kb1 hxg5 23. fxg5 Ne5 24. Qe2 Bd7 25. Nd4 Bxa4 26. Nc1 Bb5 27. Nxb5 axb5
28. h4 Nc4 29. h5 Ra8 30. Bxa8 Rxa8 31. Qf2 Bg3 32. Qf6 Be5 33. Qf2 Nxb2 34.
Rde1 Nd3 0-1

[Event "SV Letmathe 1 - LSV Turm Lippstadt 1"]
[Site "NRW-Klasse, Gruppe 2 2013/201"]
[Date "2014.02.02"]
[Round "6.2"]
[White "Adamski, Jan"]
[Black "Brenke, Andreas"]
[Result "1/2-1/2"]
[WhiteElo "2281"]
[BlackElo "2301"]
[PlyCount "45"]
[EventDate "2014.??.??"]
[WhiteTeam "SV Letmathe 1"]
[BlackTeam "LSV Turm Lippstadt 1"]

1. c4 c5 2. Nf3 Nc6 3. d4 cxd4 4. Nxd4 Qb6 5. Nc2 e6 6. Nc3 Bc5 7. e3 Nf6 8.
Be2 O-O 9. O-O Be7 10. e4 Qc7 11. Be3 b6 12. Nd4 Bb7 13. Rc1 Rac8 14. f3 Qb8
15. Qd2 Bd6 16. Kh1 Rfd8 17. Ndb5 Be7 18. Rfd1 Ne5 19. b3 d6 20. Bf1 Bf8 21.
Bg5 Ng6 22. Nd4 Be7 23. Be3 1/2-1/2

[Event "SV Letmathe 1 - LSV Turm Lippstadt 1"]
[Site "NRW-Klasse, Gruppe 2 2013/201"]
[Date "2014.02.02"]
[Round "6.3"]
[White "Schroeder, Kevin"]
[Black "Webb, Laurence"]
[Result "0-1"]
[WhiteElo "2180"]
[BlackElo "2260"]
[PlyCount "70"]
[EventDate "2014.??.??"]
[WhiteTeam "LSV Turm Lippstadt 1"]
[BlackTeam "SV Letmathe 1"]

1. e4 e6 2. d4 d5 3. Nc3 Bb4 4. a3 Bxc3+ 5. bxc3 dxe4 6. Qg4 Nf6 7. Qxg7 Rg8 8.
Qh6 Nbd7 9. Ne2 c5 10. a4 Qa5 11. Qd2 b6 12. c4 Qxd2+ 13. Bxd2 Ba6 14. a5 Bxc4
15. axb6 Nxb6 16. dxc5 Nbd7 17. c6 Nb6 18. Nd4 Bxf1 19. Kxf1 Nfd5 20. Nb5 Nc4
21. Bb4 Nxb4 22. Nc7+ Ke7 23. Nxa8 Rxa8 24. Ra4 a5 25. Ke2 Nb6 26. Ra3 Nxc2 27.
Rc3 Nb4 28. c7 N4d5 29. Ra3 a4 30. Rc1 Kd7 31. g3 Nxc7 32. f3 Nb5 33. Raa1 Nd4+
34. Ke3 Nb3 35. Rd1+ Nd5+ 0-1